000 00933cam a2200229 i 4500
003 SA-RiAUC
005 20250101071452.0
008 241230s1961 ua g b 00000dara c
040 _aSA-JeALM
_bara
_cSA-RiAUC
_erda
082 0 4 _a012
_qSA-RiAUC
090 _a012
_bب د و
100 1 _aبدوي، عبد الرحمن،
_d1917-2002
_eمؤلف.
245 1 0 _aمؤلفات الغزالي /
_cعبد الرحمن بدوي.
264 1 _aالقاهرة :
_bالمجلس الأعلى لرعاية الفنون والآداب والعلوم الاجتماعية،
_c1961
300 _a567 صفحة ؛
_c24 سم.
336 _aنص
_btxt
_2rdacontent
_3كتاب
337 _aبدون وسيط
_bn
_2rdamedia
338 _aمجلد
_bnc
_2rdacarrier
600 1 7 _aالغزالي، محمد بن محمد بن محمد،
_cحجة الإسلام،
_d450-505 هجري
_2aucnm
942 _2ddc
_cBOOK
_n0
949 _aSA-JeALM
_d241230
_uosman123
_n1
999 _c4248
_d4248